Гербовете на държавите в Европа - Statistics

General Stats
  • This quiz has been taken 124 times
  • The average score is 22 of 45
Answer Stats
Picture Answer % Correct
България
96%
Италия
90%
Албания
88%
Швейцария
84%
Малта
82%
Косово
82%
Хърватия
79%
Австрия
78%
Словакия
72%
Гърция
71%
Исландия
69%
Беларус
68%
Босна и Херцеговина
63%
Белгия
62%
Словения
62%
Унгария
60%
Испания
60%
Германия
59%
Полша
59%
Русия
57%
Сан Марино
57%
Португалия
56%
Великобритания
53%
Украйна
50%
Франция
46%
Андора
46%
Сърбия
43%
Молдова
43%
Ватикана
41%
Ирландия
38%
Швеция
26%
Нидерландия
25%
Чехия
25%
Дания
22%
Монако
22%
Румъния
22%
Северна Македония
21%
Норвегия
19%
Черна гора
19%
Латвия
19%
Финландия
18%
Литва
18%
Лихтенщайн
16%
Люксембург
13%
Естония
13%
No matching quizzes found
Score Distribution
Percent of People with Each Score
Percentile by Number Answered
Your Score History
You have not taken this quiz